MARC details
| 000 -CABECERA |
| campo de control de longitud fija |
01461nam a2200337 a 4500 |
| 003 - IDENTIFICADOR DEL NÚMERO DE CONTROL |
| campo de control |
MX-MxUPN |
| 005 - FECHA Y HORA DE LA ÚLTIMA TRANSACCIÓN |
| campo de control |
20241001063941.0 |
| 008 - ELEMENTOS DE LONGITUD FIJA--INFORMACIÓN GENERAL |
| campo de control de longitud fija |
991125s1927 sp a fr 001 0 spa d |
| 035 ## - NÚMERO DE CONTROL DEL SISTEMA |
| Número de control de sistema |
UPN01000038559 |
| 040 ## - FUENTE DE LA CATALOGACIÓN |
| Centro catalogador/agencia de origen |
MX-MxUPN |
| Lengua de catalogación |
spa |
| Centro/agencia transcriptor |
MX-MxUPN |
| 041 ## - CÓDIGO DE IDIOMA |
| Código de lengua del texto/banda sonora o título independiente |
spa |
| Código de lengua original |
fre |
| 050 04 - SIGNATURA TOPOGRÁFICA DE LA BIBLIOTECA DEL CONGRESO |
| Número de clasificación |
LB775 D42 |
| Número de documento/Ítem |
H348 1927 |
| 100 1# - ASIENTO PRINCIPAL--NOMBRE PERSONAL |
| Nombre de persona |
Hamaïde, Amélie |
| 9 (RLIN) |
52384 |
| 245 13 - MENCIÓN DE TÍTULO |
| Título |
El método Decroly |
| 250 ## - MENCIÓN DE EDICIÓN |
| Mención de edición |
Segunda edición corregida |
| 260 ## - PUBLICACIÓN, DISTRIBUCIÓN, ETC. |
| Lugar de publicación, distribución, etc. |
Madrid : |
| Nombre del editor, distribuidor, etc. |
Francisco Beltrán, |
| Fecha de publicación, distribución, etc. |
1927. |
| 300 ## - DESCRIPCIÓN FÍSICA |
| Extensión |
281 páginas : |
| Otras características físicas |
ilustraciones |
| 490 0# - MENCIÓN DE SERIE |
| Mención de serie |
Actualidades pedagógicas |
| 500 ## - NOTA GENERAL |
| Nota general |
También disponible en la Colección Medina |
| 505 00 - NOTA DE CONTENIDO CON FORMATO PREESTABLECIDO |
| Título |
La función de globalización y la enseñanza / |
| Mención de responsabilidad |
O. Decroly ; con un estudio preliminar de Lorenzo Luzuriaga |
| Información miscelánea |
(78 páginas. La pedagogía contemporanea ; v) . |
| Título |
Hacia la escuela renovada : una primera etapa / |
| Mención de responsabilidad |
Ov. Decroly y Gerard Boon ; traducción Sidonio Pintado. |
| Identificador Uniforme del Recurso |
<a href="(52 páginas. Ciencia y educación. Folletos).">(52 páginas. Ciencia y educación. Folletos).</a> |
| 650 #4 - ASIENTO SECUNDARIO DE MATERIA - TERMINO TEMATICO |
| Término de materia o nombre geográfico como elemento de entrada |
Método de educación de Decroly |
| 9 (RLIN) |
12937 |
| 650 #4 - ASIENTO SECUNDARIO DE MATERIA - TERMINO TEMATICO |
| Término de materia o nombre geográfico como elemento de entrada |
Enseñanza |
| 9 (RLIN) |
6215 |
| 700 1# - ASIENTO SECUNDARIO--NOMBRE DE PERSONAL |
| 9 (RLIN) |
52382 |
| Nombre de persona |
Boon, Gérard |
| 700 1# - ASIENTO SECUNDARIO--NOMBRE DE PERSONAL |
| Nombre de persona |
Claparède, Edouard, |
| Fechas asociadas al nombre |
1873-1940 |
| Término indicativo de función/relación |
prefacio |
| 9 (RLIN) |
30301 |
| 700 1# - ASIENTO SECUNDARIO--NOMBRE DE PERSONAL |
| 9 (RLIN) |
49006 |
| Nombre de persona |
Pintado Arroyo, Sidonio |
| Término indicativo de función/relación |
traducción |
| -- |
prólogo |
| 700 1# - ASIENTO SECUNDARIO--NOMBRE DE PERSONAL |
| Nombre de persona |
Luzuriaga, Lorenzo, |
| Fechas asociadas al nombre |
1889-1959 |
| Término indicativo de función/relación |
preliminar |
| 9 (RLIN) |
30333 |
| 710 2# - ASIENTO SECUNDARIO - NOMBRE CORPORATIVO |
| Nombre de entidad corporativa o nombre de jurisdicción como elemento de entrada |
Instituto Nacional de Investigación Educativa (México) |
| Término indicativo de función/relación |
propietario anterior |
| 9 (RLIN) |
28086 |
| 902 ## - ELEMENTOS DE DATOS B LOCAL, LDB (RLIN) |
| Modificó |
MaríaRobles/130624 |
| 905 ## - TIPO DE MATERIAL |
| Tipo de material |
Libro |
| 942 ## - ELEMENTOS DE PUNTO DE ACCESO ADICIONAL (KOHA) |
| Fuente del sistema de clasificación o colocación |
Library of Congress Classification |
| Tipo de ítem Koha |
Libro |
| Suprimir en OPAC |
No |